| 000 | 01307cam a2200289 i 4500 | ||
|---|---|---|---|
| 003 | SA-RiAUC | ||
| 005 | 20251112133202.0 | ||
| 008 | 251028s1995 su g b f00010 ara c | ||
| 040 |
_aSA-AhKFU _bara _cSA-RiAUC _erda |
||
| 050 | 4 | _bJ35 1994 | |
| 082 | 0 | 4 |
_a016.9 _qSA-RiAUC |
| 090 |
_a016.9 ج ا م _bج ا م |
||
| 110 | 2 |
_aالجامعة الإسلامية بالمدينة المنورة. _bعمادة شؤون المكتبات _eمؤلف. |
|
| 245 | 1 | 0 |
_aفهرس كتب التاريخ والرحلات والجغرافيا والبلدان / _cإعداد عمادة شؤون المكتبات بالجامعة الإسلامية. |
| 264 | 1 |
_aالمدينة المنورة : _bالجامعة الإسلامية، عمادة شؤون المكتبات، _c1995 |
|
| 300 |
_a356 صفحة ؛ _c33 سم |
||
| 336 |
_aنص _btxt _2rdacontent _3كتاب |
||
| 337 |
_aبدون وسيط _bn _2rdamedia |
||
| 338 |
_aمجلد _bnc _2rdacarrier |
||
| 650 | 7 |
_aالجغرافيا _vببليوجرافيات _2aucsh |
|
| 650 | 7 |
_aالرحلات _vببليوجرافيات _2aucsh |
|
| 650 | 7 |
_aالتاريخ _vببليوجرافيات _2aucsh |
|
| 650 | 7 |
_aالتاريخ _vكشافات _2aucsh |
|
| 942 |
_2ddc _cBOOK _n0 |
||
| 949 |
_aSA-JeALM _d251028 _umohamedma123 _n1 |
||
| 999 |
_c13218 _d13218 |
||